Условные знаки для маркшейдерских планов и геологических разрезов угольных и сланцевых месторождений масштабов 1:200, 1:500, 1:1000, 1:2000, 1:5000 и 1:10 000; Ч. I; Тонкие и средней мощности пласты месторождений типа Донецкого и Подмосковного бассейнов

Bibliographic Details
Corporate Author: Министерство угольной промышленности СССР
Language:Russian
Published: Москва, Углетехиздат, 1951
Subjects:
Format: Book
KOHA link:https://koha.lib.tpu.ru/cgi-bin/koha/opac-detail.pl?biblionumber=156244

MARC

LEADER 00000nam0a2200000 4500
001 156244
005 20231101221906.0
035 |a (RuTPU)RU\TPU\book\169462 
090 |a 156244 
100 |a 20090324d1951 m y0rusy50 ca 
101 0 |a rus 
102 |a RU 
105 |a a z 000zy 
200 1 |a Условные знаки для маркшейдерских планов и геологических разрезов угольных и сланцевых месторождений масштабов 1:200, 1:500, 1:1000, 1:2000, 1:5000 и 1:10 000  |h Ч. I  |i Тонкие и средней мощности пласты месторождений типа Донецкого и Подмосковного бассейнов  |f Министерство угольной промышленности СССР 
210 |a Москва  |c Углетехиздат  |d 1951 
215 |a 129 с.  |c ил. 
610 1 |a маркшейдерские работы 
610 1 |a маркшейдерская съемка 
610 1 |a маркшейдерские планы 
610 1 |a условные знаки 
610 1 |a геологические разрезы 
610 1 |a угольные месторождения 
610 1 |a сланцевые месторождения 
675 |a 622.1:528  |v 3 
712 0 2 |a Министерство угольной промышленности СССР  |2 stltpush  |3 (RuTPU)RU\TPU\col\9525  |9 24705 
801 1 |a RU  |b 63413507  |c 20090324  |g PSBO 
801 2 |a RU  |b 63413507  |c 20191225  |g RCR 
942 |c BK